Search the Library Catalogue
| 000 -LEADER | |
|---|---|
| fixed length control field | 00819nam a2200229Ia 4500 |
| 008 - FIXED-LENGTH DATA ELEMENTS--GENERAL INFORMATION | |
| fixed length control field | 191130s2006##################000#0#eng## |
| 020 ## - INTERNATIONAL STANDARD BOOK NUMBER | |
| International Standard Book Number | 9781403941176 |
| 022 ## - INTERNATIONAL STANDARD SERIAL NUMBER | |
| International Standard Serial Number | 2005049204 |
| 040 ## - CATALOGING SOURCE | |
| Original cataloging agency | ACL |
| Transcribing agency | ACL |
| 082 ## - DEWEY DECIMAL CLASSIFICATION NUMBER | |
| Classification number | 791.43658 MAR |
| 100 ## - MAIN ENTRY--PERSONAL NAME | |
| Personal name | Marsh, Steven |
| 245 ## - TITLE STATEMENT | |
| Title | Popular Spanish film under Franco : comedy and the weakening of the state |
| Statement of responsibility, etc. | Steven Marsh |
| 260 ## - PUBLICATION, DISTRIBUTION, ETC. | |
| Place of publication, distribution, etc. | Basingstoke, Hampshire |
| Name of publisher, distributor, etc. | Palgrave Macmillan |
| Date of publication, distribution, etc. | 2006 |
| 300 ## - PHYSICAL DESCRIPTION | |
| Extent | ix, 222 p. : ill. ; 23 cm |
| 500 ## - GENERAL NOTE | |
| General note | Filmography: p. 216-217. Includes bibliographical references (p. 208-215) and index |
| 650 ## - SUBJECT ADDED ENTRY--TOPICAL TERM | |
| Topical term or geographic name entry element | Comedy films - Spain - History and criticism |
| Topical term or geographic name entry element | Fascism and motion pictures - Spain |
| Topical term or geographic name entry element | Motion pictures - Spain - History |
| 990 ## - EQUIVALENCES OR CROSS-REFERENCES [LOCAL, CANADA] | |
| Link information for 9XX fields | ca0ea0d5ac10000c45030dbf7629b9b7 |
| 991 ## - | |
| -- | 360722 |
| Withdrawn status | Lost status | Materials specified (bound volume or other part) | Damaged status | Not for loan | Home library | Current library | Shelving location | Date acquired | Total Checkouts | Full call number | Barcode | Date last seen | Price effective from | Koha item type |
|---|---|---|---|---|---|---|---|---|---|---|---|---|---|---|
| hbk | Anna Centenary Library | Anna Centenary Library | 6TH FLOOR, B WING | 09.10.2020 | 791.43658 MAR | 321097 | 09.10.2020 | 09.10.2020 | English Books |